Stiv Džobs

Salvato in:
Dettagli Bibliografici
Autore principale: Isaacson, Walter
Altri autori: Gorjaninoj, D.
Natura: Libro
Lingua:russo
Pubblicazione: Moskva Izdateľstvo ACT: CORPUS 2013
Soggetti:
Tags: Aggiungi Tag
Nessun Tag, puoi essere il primo ad aggiungerne!!

MARC

LEADER 00000nam a2200000 4500
001 0177297
005 20240311131329.8
020 |a 978-5-17-077871-3 
041 0 |a rus 
044 |a RU 
245 1 0 |a Stiv Džobs  |c Yolter Ajzekson ; perevod s angl.: D. Gorjaninoj ... [et al.] 
264 1 |a Moskva  |b Izdateľstvo ACT: CORPUS  |c 2013 
300 |a 687 s. 
610 2 0 |a počítače 
610 2 0 |a hardvér 
610 2 0 |a softvér 
610 2 0 |a digitalizácia 
610 2 0 |a technika digitálna 
610 2 0 |a technológie informačné 
610 2 0 |a technológie komunikačné 
610 2 0 |a vynálezcovia 
610 2 0 |a podnikatelia 
610 2 0 |a značky výrobkov 
610 2 0 |a meno obchodné 
610 2 0 |a manažéri 
610 2 0 |a životopisy 
610 2 0 |a osobnosť 
610 2 0 |a Apple 
610 2 0 |a Jobs, S. 
610 2 0 |a 1955-2011 
610 2 0 |a USA 
100 1 |a Isaacson, Walter 
700 1 |a Gorjaninoj, D.